000 00418nam a2200157Ia 4500
003 GCL
008 140319s9999 xx 000 0 eng d
040 _aGCL /
_cGCL
082 0 4 _a612.64
_bL S
100 1 _aLARSEN, WILLIAM J.
245 1 0 _aSTUDY GUIDE FOR HUMAN EMBRYOLOGY /
_cLARSEN, WILLIAM J.
260 _a[S.N] :
_bCHURCHILL LIVINGSTONE ،
_c1994
300 _a355 P
650 0 4 _aEMBRYOLOGY
942 _2ddc
_cBK
999 _c21042
_d21042